<?xml version="1.0" encoding="UTF-8"?>
<record
    xmlns:xsi="http://www.w3.org/2001/XMLSchema-instance"
    xsi:schemaLocation="http://www.loc.gov/MARC21/slim http://www.loc.gov/standards/marcxml/schema/MARC21slim.xsd"
    xmlns="http://www.loc.gov/MARC21/slim">

  <leader>00664naa a22001817i 4500</leader>
  <controlfield tag="001">9279</controlfield>
  <controlfield tag="003">KOSZ 005</controlfield>
  <controlfield tag="005">20180508150602.0</controlfield>
  <controlfield tag="008">180322b2004    xxu||||f |||| 10| 0 eng d</controlfield>
  <datafield tag="040" ind1=" " ind2=" ">
    <subfield code="a">KOSZ 005</subfield>
    <subfield code="c">KOSZ 005/KK</subfield>
  </datafield>
  <datafield tag="100" ind1=" " ind2=" ">
    <subfield code="a">SZADA-BORZYSZKOWSKI, Wies&#x142;aw.</subfield>
  </datafield>
  <datafield tag="245" ind1="1" ind2="0">
    <subfield code="a">Nap&#x119;dy elektryczne jako alternatywne &#x17A;r&#xF3;d&#x142;o zasilania wsp&#xF3;&#x142;czesnych samochod&#xF3;w / </subfield>
    <subfield code="c">Wies&#x142;aw Szada-Borzyszkowski.</subfield>
  </datafield>
  <datafield tag="260" ind1=" " ind2=" ">
    <subfield code="c">2004.</subfield>
  </datafield>
  <datafield tag="655" ind1=" " ind2="0">
    <subfield code="a">Materia&#x142;y konferencyjne.</subfield>
  </datafield>
  <datafield tag="711" ind1=" " ind2=" ">
    <subfield code="a">VII Forum Motoryzacji</subfield>
    <subfield code="c">S&#x142;upsk</subfield>
    <subfield code="d">14.05.2004</subfield>
  </datafield>
  <datafield tag="773" ind1=" " ind2=" ">
    <subfield code="i">W:</subfield>
    <subfield code="t">Rozw&#xF3;j Motoryzacji a Bezpiecze&#x144;stwo Ruchu Drogowego. -</subfield>
    <subfield code="d">S&#x142;upsk, 2004. -</subfield>
    <subfield code="g">s. 351-359</subfield>
  </datafield>
  <datafield tag="942" ind1=" " ind2=" ">
    <subfield code="2">UKD</subfield>
    <subfield code="c">ART</subfield>
  </datafield>
  <datafield tag="999" ind1=" " ind2=" ">
    <subfield code="c">9279</subfield>
    <subfield code="d">9279</subfield>
  </datafield>
</record>
